Quizzes
Events
Quiz Creation
Community
Videos
Private Events
Remove Ads
Sign In
Join for FREE
Feedback
Dark Mode
Quiz Categories
Sports
Geography
Music
Movies
Television
Just For Fun
Miscellaneous
History
Literature
Language
Science
Gaming
Entertainment
Religion
Holiday
For Kids
Quiz Lab
Recent
Popular Today
Quiz Kudos Today
Editor Picks
Curator Picks
Quizzes by...
Day
Popularity
Type
Ratings
Length
Year
Community
Subscriptions
Recent Discussions
Orange Saloon
Badges
Playlists
Quests
Create
Leaderboards
Showdown
Live 5
Trivia Bingo
Activity
Puzzle Library
Sporcle Events
Private Events
Virtual Trivia
Globe League
Become a Host
Pub Owners
SporcleCon
Opinionation
Our Games
Videos
Blog
Mobile Apps
Partnerships
Remove Ads and Go Orange
Feedback
Music
Pop Music
The Beatles
Song
Album
Lyrics
Bands
Singers
Artist
Clip
Rock
Rap
Classical
Billboard
Country Music
Kpop
Taylor Swift
Music
Pop Music
The Beatles
Song
Album
Lyrics
Bands
Singers
Artist
Clip
Rock
Rap
Classical
Billboard
Country Music
Kpop
Taylor Swift
Random Quiz
Search Sporcle
×
Quiz Lab
Quiz Lab
Music
Album
Type in answers that appear in a list
Type in answers that appear in a list
Classic
Best Score? Go Orange.
Lifehouse Songs Stats
Can you name the Lifehouse Songs?
By
flaxn4
10m
63 Questions
340 Plays
340 Plays
340 Plays
Comments
Comments
Give Quiz Kudos
Give Quiz Kudos
-
- Ratings
hide this ad
Replay
Link that replays current quiz
Next Quiz
Link to next quiz in quiz playlist
You Got
0%
They Got
Avg Score
45%
Avg Friend Score
Upgrade to see
Score Distribution
Jump to the score distribution portion of the page
Score
0/63
Timer
10:00
0
Plays Today
Album
Song
% Correct
No Name Face
Hanging By a Moment
86.8%
Lifehouse
You And Me
86.5%
Who We Are
Broken
75.9%
No Name Face
Everything
74.7%
Who We Are
Who We Are
72.1%
Smoke & Mirrors
All In
69.7%
Who We Are
Whatever It Takes
68.2%
Who We Are
First Time
67.1%
Smoke & Mirrors
Smoke & Mirrors
66.2%
Smoke & Mirrors
Halfway Gone
63.8%
No Name Face
Sick Cycle Carousel
62.4%
No Name Face
Breathing
60.9%
Stanley Climbfall
Spin
60%
Lifehouse
Blind
60%
No Name Face
Simon
58.5%
Who We Are
Storm
58.5%
No Name Face
Unknown
55.6%
No Name Face
Quasimodo
52.9%
No Name Face
Somewhere In Between
52.9%
No Name Face
Trying
52.1%
Stanley Climbfall
Take Me Away
52.1%
Lifehouse
Come Back Down
51.5%
Smoke & Mirrors
Falling In
51.2%
Who We Are
The Joke
50.3%
Who We Are
Disarray
49.7%
No Name Face
Cling and Clatter
49.4%
Stanley Climbfall
Wash
49.4%
No Name Face
Only One
46.8%
Lifehouse
All In All
46.5%
Smoke & Mirrors
It Is What It Is
46.2%
Smoke & Mirrors
From Where You Are
46.2%
Smoke & Mirrors
Nerve Damage
43.5%
Album
Song
% Correct
Stanley Climbfall
Sky Is Falling
39.4%
Lifehouse
Chapter One
39.4%
Stanley Climbfall
Empty Space
38.8%
No Name Face
Someone Else's Song
37.6%
Smoke & Mirrors
In Your Skin
37.6%
Stanley Climbfall
My Precious
37.4%
Stanley Climbfall
The Beginning
37.4%
Smoke & Mirrors
By Your Side
37.4%
Lifehouse
We'll Never Know
37.1%
Stanley Climbfall
Just Another Name
36.8%
Smoke & Mirrors
Wrecking Ball
36.5%
Stanley Climbfall
Anchor
36.2%
Lifehouse
Walking Away
36.2%
Who We Are
Mesmerized
35%
Smoke & Mirrors
Had Enough
35%
Stanley Climbfall
Stanely Climbfall
33.8%
Who We Are
Bridges
33.2%
Lifehouse
The End Has Only Begun
32.9%
Lifehouse
Undone
31.8%
Smoke & Mirrors
Here Tomorrow Gone Today
31.8%
Stanley Climbfall
Out Of Breath
31.2%
Lifehouse
Into The Sun
30.9%
Who We Are
Make Me Over
30.9%
Stanley Climbfall
Am I Ever Gonna Find Out
29.7%
Who We Are
Easier To Be
28.2%
Who We Are
Learn You Inside Out
27.9%
Who We Are
Broken (New Version)
27.1%
Lifehouse
Days Go By
26.8%
Lifehouse
Better Luck Next Time
24.7%
Who We Are
If This Is Goodbye
15.9%
Smoke & Mirrors
Don't Wake Me When It's Over
14.7%
Quiz Playlist
Details
Report
Send in Message
Add To Playlist
Classic:
Type in answers that appear in a list
Last Updated: Feb 16, 2017
Quiz Scoreboard
CHALLENGE
Sign Up to Join the Scoreboard
Show All
Scores
Hide
Comments
May contain spoilers
Recently Published
9x9 Crossword: Cartoon Network
by jackfrog10
Miscellaneous
3m
College Basketball Coaching Resumes
by pancakes188
Sports
9m
Billboard Blitz: Fleetwood Mac
by CooCooCachoo
Music
15s
More to Explore
Quiz From the Vault
Featured Blog Post
Where Did the Easter Bunny Come From?
hide this ad
You Might Also Like...
Tags
Album Quiz
Song Quiz
lifehouse
track
Today's Top Quizzes in Music
Browse Music
hide this ad
Today's Top Quizzes in Album
Browse Album
Top Contributed Quizzes in Music
1
Taylor Swift All Songs (2024)
2
Guess the Artist- 70s Songs
3
7-to-1: Billboard Hot 100 #1 Hits of 2010s
4
Sorting Albums and Songs
5
Taylor Swift Logic Puzzle
6
KPOP LOGIC QUIZ
7
Guess the Taylor Swift song (Mystery Song)
8
Guess The Taylor Swift Lyrics Song #1
9
Billboard Blitz: ABBA
10
One Thing in Common: Music
Explore More
Trending Topics
Kpop
Marvel
Anime
Harry Potter
Crossword
NBA
Disney
Song
Country
The Office
NFL
Puzzle
WWE
Soccer
Pokémon
hide this ad
More By:
flaxn4
Quiz
Plays
Rating
Category
Featured
Created
Olympic City By Year (Summer & Winter)
1,367
1.71
Sports
Feb 14, 2010
Name This Big Four Sports Team
638
2.33
Sports
Feb 18, 2010
Lifehouse Songs
340
3.33
Music
Jan 23, 2010
Los Angeles Sports Teams
338
1.10
Sports
Feb 19, 2010
Team of the Decade for 1990s
329
4.33
Sports
Jan 20, 2010
Go to Creator's Profile
Score Distribution
Quiz Creator Spotlight
flaxn4
Follow
Send a Message
Quizzes Created
-
Created Quiz Play Count
-
More By This Creator
Popular Quizzes Today
1
Find the US States - No Outlines Minefield
2
Find the Countries of Europe - No Outlines Minefield
3
The Countries of the World
4
Find the US States
5
Risky Map Clicking: Biggest States A-Z
6
US States
7
Popular People in 1961
8
Movies - When Are They Set?
More Music Quizzes
The Schumanns: Multiple Choice Profile
Curator's Pick
Trending Quizzes
Risky Map Clicking: Least Populous States A-Z
1-10 Letter G Words
1-10 Letter F Words
Risky Map Clicking: Next State Alphabetically
Adjectives in 80s TV Shows
Recently Updated
Leaping Animals
pecheneg
Reality TV Shows (A-Z)
bhenderson79
Rickey Henderson's Hall of Fame Teammates
pecheneg
Champions League XIs: Arsenal
pecheneg
Quick Pick: Celebrities in WWE's Hall of Fame
aduchscher
A-Z Keypad Blitz II
pecheneg
Multiple Oscar Actors
pecheneg
Mystery Phrase Blitz: Oscar 'Best Actors'
pecheneg
F. Scott Fitzgerald Novels
LTH
Pick 3 Villains
ddd62291
Trending Topics
Crossword
Harry Potter
Anime
Disney
NBA
Marvel
Kpop
The Office
NFL
Puzzle
Song
Country
Pokémon
WWE
Soccer
Your Account Isn't Verified!
In order to create a playlist on Sporcle, you need to verify the email address you used during registration. Go to your
Sporcle Settings
to finish the process.
Report this User
Report this user for behavior that violates our
Community Guidelines
.
Details:
Send Report
Go to the Sporcle.com Mobile Site →
Comments